Analysing qualitative data

Na minha lista:
Detalhes bibliográficos
Autor principal: Maxwell, Albert Ernest (autor)
Formato: Livro
Idioma:inglês
Publicado em: Londres Chapman and Hall 1961
Edição:1a. ed
Assuntos:
Tags: Adicionar Tag
Sem tags, seja o primeiro a adicionar uma tag!

MARC

LEADER 00000nam a2200000 a 4500
001 UCJ8935
003 CL-VaPUC
008 070126e19610000UK |||||||||||||||||eng|d
020 |a 0412213001 
082 0 4 |a 001.422  |b MAX  |2 21 
100 |a Maxwell, Albert Ernest  |e autor  |9 518749 
245 1 0 |a Analysing qualitative data 
250 |a 1a. ed 
300 |a 163 p 
942 |c BK 
945 |d 20070126 00:00:00  |a jtorresc 
260 |a Londres  |b Chapman and Hall  |c 1961 
500 |a Donación de la Dra. Marianne Peronard Thierry 
650 0 |a Análisis de datos  |9 269871 
650 0 |a Métodos estadísticos   |9 259407 
650 0 |a Métodos cualitativos   |9 373008 
650 0 |a Datos estadísticos  |9 329380 
583 |a last modification  |c 20070126 00:00:00  |k Rodrigo Vera 
999 |c 324579  |d 324577 
952 |0 0  |1 0  |4 0  |6 001_422000000000000_MAX_1961  |7 0  |8 A  |9 404846  |a FDOPOS  |b FDOPOS  |d 2019-11-22  |i 4318323  |o 001.422 MAX 1961  |p 4318323  |r 2025-01-22  |w 2019-11-22  |y BK  |k MLA